| 000 | 01031cab a2200265 4500 | ||
|---|---|---|---|
| 001 | WB2726-18 | ||
| 008 | 090401t1991 xxu||||| |||| 00| 0 eng d | ||
| 035 | _a(Sirsi) u27806 | ||
| 041 | _aeng | ||
| 245 | _aEurope gives developers hope | ||
| 260 | _c1991 | ||
| 350 | _a0 | ||
| 490 |
_aTimes _v3/7/91 p34 |
||
| 520 | _aAnalyses three recent reports looking at opportunity for the Europe an property industry. Arthur Andersen and Nabarro Nathanson `s "Building a stake in Europe" takes an overview of real estate opportunities in Europe despite the recession. East 8 examines investment and development potential of the East European property market whilst Freshfields has produced a guide for German investors on commercial property in England and Wales. | ||
| 650 | _aCZECHOSLOVAKIA | ||
| 650 | _aEASTERN EUROPE | ||
| 650 | _aHUNGARY | ||
| 650 | _aPOLAND | ||
| 650 | _aPROPERTY OWNERSHIP | ||
| 650 | _aSINGLE MARKET | ||
| 650 | _aSOVIET UNION | ||
| 690 | _aOVERSEAS-EUROPE | ||
| 942 | _n0 | ||
| 948 | _c04/03/1997 | ||
| 999 |
_c18735 _d18735 |
||